<?xml version="1.0" encoding="UTF-8"?>
<record
    xmlns:xsi="http://www.w3.org/2001/XMLSchema-instance"
    xsi:schemaLocation="http://www.loc.gov/MARC21/slim http://www.loc.gov/standards/marcxml/schema/MARC21slim.xsd"
    xmlns="http://www.loc.gov/MARC21/slim">

  <leader>03219nam a2200337 a 4500</leader>
  <controlfield tag="001"> </controlfield>
  <controlfield tag="003">DO-SdBNP</controlfield>
  <controlfield tag="005">20240220082920.0</controlfield>
  <controlfield tag="008">090629s2007    dr c    r     000 0 spa d</controlfield>
  <datafield tag="020" ind1=" " ind2=" ">
    <subfield code="a">9789945161335</subfield>
  </datafield>
  <datafield tag="040" ind1=" " ind2=" ">
    <subfield code="a">DO-SdBNP</subfield>
    <subfield code="b">spa</subfield>
    <subfield code="c">BPMSU </subfield>
  </datafield>
  <datafield tag="082" ind1=" " ind2=" ">
    <subfield code="a">972.9304</subfield>
    <subfield code="b">E59s, 2007</subfield>
    <subfield code="2">22</subfield>
  </datafield>
  <datafield tag="245" ind1="0" ind2="0">
    <subfield code="a">Ensayos sobre la guerra restauradora /</subfield>
    <subfield code="c">editor Juan Daniel Balc&#xE1;cer ; presentaci&#xF3;n Jos&#xE9; Chez Checo ;.</subfield>
  </datafield>
  <datafield tag="250" ind1=" " ind2=" ">
    <subfield code="a">2a ed. corr. y ampl.</subfield>
  </datafield>
  <datafield tag="260" ind1=" " ind2=" ">
    <subfield code="a">Santo Domingo :</subfield>
    <subfield code="b">Comisi&#xF3;n Permanente de Efem&#xE9;rides Patrias,</subfield>
    <subfield code="c">2007.</subfield>
  </datafield>
  <datafield tag="300" ind1=" " ind2=" ">
    <subfield code="a">370 p. :</subfield>
    <subfield code="b">retr ;</subfield>
    <subfield code="c">23 cm.</subfield>
  </datafield>
  <datafield tag="490" ind1="0" ind2=" ">
    <subfield code="a">Publicaciones de la Comisi&#xF3;n Permanente de Efem&#xE9;rides Patrias 2004-2007</subfield>
    <subfield code="v">23</subfield>
  </datafield>
  <datafield tag="490" ind1="0" ind2=" ">
    <subfield code="a">Academia Dominicana de la Historia</subfield>
    <subfield code="v">77</subfield>
  </datafield>
  <datafield tag="500" ind1=" " ind2=" ">
    <subfield code="a">Incluye datos biogr&#xE1;ficos de ensayistas domicanos: p. 363-368.</subfield>
  </datafield>
  <datafield tag="504" ind1=" " ind2=" ">
    <subfield code="a">Incluye referencias bibliogr&#xE1;ficas y notas al pie de las p&#xE1;ginas.</subfield>
  </datafield>
  <datafield tag="505" ind1="0" ind2=" ">
    <subfield code="t">Presentaci&#xF3;n /</subfield>
    <subfield code="r">Jos&#xE9; Chez Checo --</subfield>
    <subfield code="t">Palabras del rector magn&#xED;fico de la Universidad Aut&#xF3;noma de Santo Domingo /</subfield>
    <subfield code="r">Roberto Reyna --</subfield>
    <subfield code="t">Antecedentes hist&#xF3;ricos y sociol&#xF3;gicos de la Anexi&#xF3;n de Espa&#xF1;a /</subfield>
    <subfield code="r">Manuel A. Pe&#xF1;a Batle --</subfield>
    <subfield code="t">Examen cr&#xED;tico de la anexi&#xF3;n de Santo Domingo a Espa&#xF1;a /</subfield>
    <subfield code="r">Alejandro Angulo Guridi --</subfield>
    <subfield code="t">Capotillo y la Restauraci&#xF3;n /</subfield>
    <subfield code="r">Alcides Garc&#xED;a Lluberes /</subfield>
    <subfield code="t">El d&#xED;a hist&#xF3;rico /</subfield>
    <subfield code="r">Alcides Garc&#xED;a Lluberes --</subfield>
    <subfield code="t">La batalla del 6 de septiembre de 1863 /</subfield>
    <subfield code="r">C&#xE9;sar Herrera --</subfield>
    <subfield code="g">Centenario de la Restauraci&#xF3;n --</subfield>
    <subfield code="t">Ley 3, que declara el a&#xF1;o de 1963, a&#xF1;o de centenario de la restauraci&#xF3;n nacional --</subfield>
    <subfield code="t">Programa de actividades del centenario de la Restauraci&#xF3;n ;</subfield>
    <subfield code="t">Homil&#xED;a de Monse&#xF1;or Hugo E. Polanco Brito, en el centenario de la Restauraci&#xF3;n ;</subfield>
    <subfield code="t">Discurso del presidente Juan Bosch, en el centenario de la Restauraci&#xF3;n ;</subfield>
    <subfield code="t">Elogio del gobierno de la Restauraci&#xF3;n /</subfield>
    <subfield code="r">Emilio Rodr&#xED;guez Demorizi --</subfield>
    <subfield code="t">La Restauraci&#xF3;n y sus enlaces con la historia de occiente /</subfield>
    <subfield code="r">Pedro Troncoso S&#xE1;nchez --</subfield>
    <subfield code="t">Perfil nacionalista de Gregorio Luper&#xF3;n /</subfield>
    <subfield code="r">Hugo Tolentino Dipp --</subfield>
    <subfield code="t">Anexi&#xF3;n y guerra restauradora /</subfield>
    <subfield code="r">Juan Daniel Balc&#xE1;cer,</subfield>
    <subfield code="r">Manuel Garc&#xED;a Ar&#xE9;valo --</subfield>
    <subfield code="t">Reflexiones sobre la Guerra de la Restauraci&#xF3;n /</subfield>
    <subfield code="r">Francisco Antonio Avelino --</subfield>
    <subfield code="t">Anexi&#xF3;n, restauraci&#xF3;n e iglesia, 1860-1865 /</subfield>
    <subfield code="r">Antonio Lluberes --</subfield>
    <subfield code="t">Caracter&#xED;sticas de la Guerra de la Restauraci&#xF3;n, 1863-1865 /</subfield>
    <subfield code="r">Emilio Cordel Michel --</subfield>
    <subfield code="t">Notas sobre la participaci&#xF3;n haitiana en la guerra restauradora /</subfield>
    <subfield code="r">Ricardo Hern&#xE1;ndez --</subfield>
    <subfield code="t">Ap&#xE9;ndices --</subfield>
    <subfield code="t">Acta de Independencia, Santiago, 14 de septiembre de 1863 --</subfield>
    <subfield code="t">Adiciones y firmas en Luper&#xF3;n, notas autobiogr&#xE1;ficas --</subfield>
    <subfield code="t">Exposici&#xF3;n a S. M. la Reina de Espa&#xF1;a --</subfield>
    <subfield code="t">Exposici&#xF3;n al gobierno de Inglaterra --</subfield>
    <subfield code="t">Ram&#xF3;n Mella, a sus conciudadanos ;</subfield>
    <subfield code="t">Convenio de El Carmelo ;</subfield>
    <subfield code="t">Comentarios editoriales Convenio de El Carmelo ;</subfield>
    <subfield code="t">Datos biogr&#xE1;ficos de los ensayistas</subfield>
  </datafield>
  <datafield tag="590" ind1=" " ind2=" ">
    <subfield code="a">Inventariado, 2022/VM</subfield>
  </datafield>
  <datafield tag="650" ind1=" " ind2="4">
    <subfield code="a">Ensayos dominicanos</subfield>
  </datafield>
  <datafield tag="651" ind1=" " ind2="4">
    <subfield code="a">Rep&#xFA;blica Dominicana</subfield>
    <subfield code="x">Historia </subfield>
    <subfield code="y">Restauraci&#xF3;n, 1863-1865</subfield>
  </datafield>
  <datafield tag="651" ind1=" " ind2="4">
    <subfield code="a">Rep&#xFA;blica Dominicana</subfield>
    <subfield code="x">Anexi&#xF3;n a Espa&#xF1;a,</subfield>
    <subfield code="y"> 1861-1863</subfield>
  </datafield>
  <datafield tag="700" ind1="1" ind2=" ">
    <subfield code="a">Balc&#xE1;cer, Juan Daniel,</subfield>
    <subfield code="e">ed.</subfield>
  </datafield>
  <datafield tag="700" ind1="1" ind2=" ">
    <subfield code="a">Chez Checo, Jos&#xE9;,</subfield>
    <subfield code="d">1949-</subfield>
  </datafield>
  <datafield tag="710" ind1="2" ind2=" ">
    <subfield code="a">Comisi&#xF3;n Permanente de Efem&#xE9;rides Patria (Rep&#xFA;blica Dominicana )</subfield>
  </datafield>
  <datafield tag="910" ind1=" " ind2=" ">
    <subfield code="a"> VMateo V.Control de calidad. BPMSU</subfield>
  </datafield>
  <datafield tag="942" ind1=" " ind2=" ">
    <subfield code="2">ddc</subfield>
    <subfield code="c">BK</subfield>
  </datafield>
  <datafield tag="952" ind1=" " ind2=" ">
    <subfield code="0">0</subfield>
    <subfield code="1">0</subfield>
    <subfield code="2">ddc</subfield>
    <subfield code="4">0</subfield>
    <subfield code="7">0</subfield>
    <subfield code="8">CD</subfield>
    <subfield code="a">BPMET</subfield>
    <subfield code="b">BPMET</subfield>
    <subfield code="d">2022-01-17</subfield>
    <subfield code="e">Fundac&#xF3;n Juan Bosch </subfield>
    <subfield code="l">0</subfield>
    <subfield code="o">BPMSU CD 972.9304 E59s, 2007</subfield>
    <subfield code="p">BPMSU22010030</subfield>
    <subfield code="r">2022-01-17</subfield>
    <subfield code="w">2022-01-17</subfield>
    <subfield code="y">BK</subfield>
  </datafield>
  <datafield tag="952" ind1=" " ind2=" ">
    <subfield code="0">0</subfield>
    <subfield code="1">0</subfield>
    <subfield code="2">ddc</subfield>
    <subfield code="4">0</subfield>
    <subfield code="7">0</subfield>
    <subfield code="8">CD</subfield>
    <subfield code="a">BPMET</subfield>
    <subfield code="b">BPMET</subfield>
    <subfield code="d">2022-01-17</subfield>
    <subfield code="e">Fundac&#xF3;n Juan Bosch </subfield>
    <subfield code="l">0</subfield>
    <subfield code="o">BPMSU CD 972.9304 E59s, 2007</subfield>
    <subfield code="p">BPMSU22010031</subfield>
    <subfield code="r">2022-01-17</subfield>
    <subfield code="t">e.2</subfield>
    <subfield code="w">2022-01-17</subfield>
    <subfield code="y">BK</subfield>
  </datafield>
  <datafield tag="999" ind1=" " ind2=" ">
    <subfield code="c">13950</subfield>
    <subfield code="d">13950</subfield>
  </datafield>
</record>
